Deutsche Literatur - Sturm und Drang - Statistiken

Allgemein
  • Dieses Quiz wurde 98 mal gespielt
  • Das Durchschnittsergebnis liegt bei 8 aus 24
Antwortstatistiken
Frage Antwort % Korrekt
Englischer Dichter und Dramatiker, Vorbild in der Dramatik William Shakespeare
78%
Schillers Erstlingwerk, Drama (1782) Die Räuber
68%
Monat, mit dem ein berühmtes Lied Goethes verbunden wird Mai
68%
Mittelalterlicher Ritter, Titelperson in Schauspiel Goethes Götz von Berlichingen
60%
Ort, an dem dieser nach eigener Auskunft im dritten Aufzug geleckt werden möchte Arsch
56%
Christliches Hochfest, vor dem Werther Selbstmord begeht Weihnachten
54%
Dessen klassisches Drama über "verbotene Liebe", Vorbild u.a. für Schillers "Kabale und Liebe" Romeo and Juliet
53%
Vorname des "guten" (?) Mohrs in diesem Drama Karl
43%
Jahr, in dem Goethes "Die Leiden des jungen Werthers" erscheinen 1774
34%
Mögliches Vorbild der Lotte, Schwarm Goethes und Vorbild u.a. für Thomas Mann Charlotte Buff
34%
Alternativtitel von Schillers "Kabale und Liebe", nach weiblicher Hauptperson Luise Millerin
34%
Deutsches Herzogtum, in dem Schubart wegen seiner Schriften für 10 Jahre verhaftet wird und aus dem Schiller flieht Württemberg
29%
Goethes berühmtestes Lied dieser Gattung ("Sah ein Knab' ein Röslein steh'n") Heidenröslein
28%
Stichwortgebender Titel einer Klinger-Komödie, ursprünglich mit "Wirrwarr" betitelt Sturm und Drang
25%
Legendärer Schauspieler in der Rolle des Franz' bei der Uraufführung, Namensgeber für Ring August Wilhelm Iffland
23%
Späterer europäischer Monarch, berüchtigter Liebhaber des "Werther"-Romans Napoleon Bonaparte
20%
Mythische Figur, Titelgeber des zentralen Gedichts Goethes zur Genieästhethik Prometheus
20%
Dramatiker, berüchtigt für seine spätere Geistesumnachtung; Thema später bei Bücher Jakob Michael Reinhold Lenz
18%
Adressat der Briefe in diesem Roman Wilhelm
18%
Ort, an dem sich Herder und Goethe 1771 kennen lernen; Zentrum der literarischen Bewegung Straßburg
10%
Gattungszuordnung seines Dramas "Der Hofmeister" (1774) Komödie
9%
Autorin eines Briefromans (1771) mit ebenso einseitigem Briefverkehr, von Goethe geschätzt Sophie von la Roche
6%
Von Herder geprägter Begriff für Lieder, denen besonderer Naturgeist zugesprochen wird Volkslied
5%
Sozialkritisches Drama Heinrich Leopold Wagners über das Thema Vergewaltigung Die Kindermörderin
4%
Keine übereinstimmenden Quizze gefunden
Verteilung der Resultate
Anzahl Personen mit jedem Resultat
Perzentil nach korrekt beantworteten Fragen
Ihre Resultats-Entwicklung
Sie haben dieses Quiz noch nicht gespielt